000 00700nam a2200169Ia 4500
999 _c55121
_d55121
003 GCL
005 20240530105336.0
008 140319s9999 xx 000 0 ara d
040 _aGCL /
_cGCL
082 0 4 _a189.1
_bح ت
100 1 _aالشيخ الرئيس ابى على الحسين بن عبدالله بن سينا
245 1 0 _aتسع رسايل فى الحكمة والطبيعيات وقصة سلامان وابسال
_cالشيخ الرئيس ابى على الحسين بن عبدالله بن سينا
260 _a[S.N] :
_bدار قابس للطباعة والنشر والتوزيع ،
_c1986
300 _a141 ص
650 0 4 _aالفلسفة الاسلامية
942 _2ddc
_cBK